00841nam a2200217 a 450000100100000000500170001000800410002702000150006804000250008308200160010824501230012426000270024730000310027450400320030570000310033770000350036870000320040371000600043595201130049599900150060800000537720200929151646.0090819s1996 sp d 000 0 spa d a8400076273 aDO-SdBNPbspacBNPHU axxxxbC293p00aCarotenoides en el pimentón :bfactores responsables de su degradación /cM. Isabel Mínguez Mosquera...[et.al.]. aMadrid :bCSIC,c1996. a138 p.adiagraf. ;c24 cm. aBibliografía : p. 127-1381 aGalán, M. Jarén9152521 aGarrido Fernández, J.9152531 aHornero Méndez, D.9152541 aCentro Superior de Investigaciones Científicas915255 001050718MOaGRbGRcHDd2009-08-19iLF1l0oxxxx C293pp5377-10r2020-06-25w2020-06-25y1ZNo se presta c5177d5177